00629nam a2200193Ia 4500008004100000020001300041082001400054100002500068245005800093250000800151260004100159300002800200500001900228600003300247650001600280942000700296952011700303999001500420240925s9999 xx 000 0 und d a70486581 a519.2 PAP aPapoulis, Athanasios 0aProbability,Random Variables.and Stochastic Processes a4th aNew Delhi:bTata McGraw Hillc,2004. axi,585p.bNAfPhotocopy aIncludes Index aHumanities & Natural Science aMathematics cBK 001040708HUMaUITUbUITUd2005-09-12eF.B.Cg650.00l0o519.2 PAPpQ6520r2024-09-25 07:14:16w2024-09-25yBK c9019d9019